| 000 | 00932nam a22001937a 4500 | ||
|---|---|---|---|
| 999 |
_c62619 _d62619 |
||
| 003 | Ge_BSU | ||
| 005 | 20241219112740.0 | ||
| 008 | 241219s1976 ge ||||| |||| 00| 0 geo d | ||
| 041 | _ageo | ||
| 080 | _a611(083.72) შ-44 | ||
| 100 |
_aშელია, ლ.გ. _924007 |
||
| 245 |
_aსაერთაშორისო ანატომიური ნომენკლატურა : _bლათინურ-ქართულ-რუსულ ენებზე / _c შემდგ.: ლ.გ. შელია ; რედ. ნ.ა. ჯავახიშვილი. |
||
| 264 |
_aთბ. : _b განათლება, _c1976. |
||
| 300 |
_a223 გვ. ; _b 26 სმ. |
||
| 653 | _aანატომიური ნომენკლატურა | ||
| 653 | _aმედიცინა | ||
| 700 |
_aჯავახიშვილი, ნ.ა. _eრედაქტორი. _924008 |
||
| 942 |
_2udc _cᲬᲘᲒᲜᲘ |
||